| 000 | 00802nam a2200229 u 4500 | ||
|---|---|---|---|
| 005 | 20210223131035.0 | ||
| 008 | 090731s2005 es r 000 0 spa d | ||
| 020 | _a844602098X (10 dígitos) | ||
| 020 | _a9788446020981 (13 dígitos) | ||
| 035 | _aUPN01000171662 | ||
| 049 | _aCG | ||
| 050 | 4 |
_aQH353 _bL3.2 |
|
| 100 | 1 |
_aLamy, Michel, _d1939- _931641 |
|
| 245 | 1 | 0 |
_aAlgas, conejos termitas-- ¿qué especies nos amenazan? / _cMichel Lamy ; tr. Alejandra Perucha Martínez. |
| 260 |
_aMadrid : _bAkal, _c2005. |
||
| 300 | _a64 p. | ||
| 440 | 4 |
_aLas manzanas del saber ; _v2 |
|
| 534 |
_pTítulo original: _tAlgues, lapins, termites... ¿quelles espéces nous menacent? |
||
| 650 | 4 |
_aINVASIONES BIOLOGICAS - _xASPECTOS AMBIENTALES _919663 |
|
| 650 | 4 |
_aPLAGAS - _xCONTROL _919664 |
|
| 905 | _aLibro | ||
| 999 |
_c143767 _d143767 |
||